000
00289nam a2200121Ia 4500
008
221030s9999 xx 000 0 und d
041
_a
English
100
_a
D. W. Conklin
245
0
_a
Cases in the Environment of Business
_c
by D. W. Conklin
260
_c
0
650
_a
Mb
942
_c
BK
999
_c
17654
_d
17654